01116nam a22001937a 4500003000900000008004100009040007100050082004500121110005500166245006800221260004200289300002800331440005900359505038600418650003200804650001800836650001300854710005500867AR-CdUCM190425b ||||| |||| 00| 0 spa d aMUNICIPALIDAD PROVINCIAL DEL CUSCOcBIBLIOTECA MUNICIPAL DEL CUSCO aRev.Univ/N°21/1917bRev.Univ/N°21/1917 aUniversidad Nacional de San Antonio Abad del Cusco aRevista Universitaria :bÓrgano de la Universidad del Cuzco / aCusco :bEl Trabajo,csetiembre 1917. a50 páginas. :c20 cm. aRevista UniversitarianAño VI, setiembre 1917, N°21 aContenido: Las Universidades menores. Cesar Antonio Ugarte. -- El Pacha lloqque y su porvenir industrial. Fortunato L. Herrera. -- Fragmentos de las monografías de la provincia de La Convención. Enrique Rosell. -- Formas del arrendamiento de terrenos de cultivo en el departamento Cuzco i el problema de la distribución. Francisco Ponce de León. -- Crónica universitaria. aHistoria de La Convención aUniversidades aSiglo XX aUniversidad Nacional de San Antonio Abad del Cusco